Preguntas y respuesta : (Registro nro. 14813)

Detalles MARC
000 -LIDER
fixed length control field 02360cam a2200361 i 4500
003 - IDENTIFICACDOR DE NÚMERO DE CONTROL
control field DO-SdBNP
005 - DATE AND TIME OF LATEST TRANSACTION
control field 20240913114348.0
008 - ELEMENTOS DE LONGITUD FIJA
fixed length control field 100514s2007 sp a | |||| 000 f spa
015 ## - NÚMERO DENTRO DE LA BIBLIOGRAFÍA NACIONAL
National bibliography number
017 ## - NÚMERO DE REGISTRO DE DERECHOS DE AUTOR
Copyright or legal deposit number
Assigning agency
020 ## - ISBN
International Standard Book Number 9788449424984 (o.c.)
020 ## - ISBN
International Standard Book Number
020 ## - ISBN
International Standard Book Number
035 ## - NÚMERO LOCAL
System control number
040 ## - FUENTE DE CATALOGACIÓN
Agencia que crea de manera original el registro BPMSU
Idioma de catalogación spa
Agencia que realiza la transcripción BPMSU
Convenciones de la despripción
080 ## - NÚMERO DE CLASIFICACIÓN DECIMAL UNIVERSAL
Universal Decimal Classification number
082 #4 - NÚMERO DE CLASIFICACIÓN DECIMAL DE DEWEY
Classification number 220.95
Item number A327p 2007
Edition number 22
100 1# - ASIENTO PRINCIPAL -- NOMBRE PERSONAL
Nombre personal Albareda, María José
245 10 - MENCIÓN DE TITULO
Título Preguntas y respuesta :
Subtítulo jugamos a aprender, la biblia /
Mención de responsabilidad María José Albareda, Jaime Rovira, Eugenio Sotillos
Medio (Designación general de material)
260 ## - PUBLICACIÓN, DISTRIBUCIÓN, ETC. (PIE DE IMPRENTA)
Lugar de publicación, distribución, etc Barcelona :
Nombre del editor, distribuidor, etc. Editorial Océano,
Fecha de publicación, distribución, etc 2007
300 ## - DESCRIPCIÓN FÍSICA
Extensión 2 v. p.:
Otros detalles físicos il. ;
Dimensiones 27 cm.
500 ## - NOTA GENERAL
Nota general
505 #2 - NOTA DE CONTENIDO
Título Antiguo Testamento --
Información miscelánea La creación --
-- El paraíso terrenal --
-- Los descendientes de Adán y Eva --
-- El diluvio universal --
-- La torre de Babel --
-- Abraham e Isaac --
-- Jacob --
-- José --
-- Moisés --
-- La salida de Egipto --
-- Los diez mandamientos --
-- Canaán, la tierra prometida --
-- Los jueces --
-- Sansón --
-- David y Goliat --
-- El rey David --
-- Salomón --
-- Elías --
-- Jonás --
-- Judith y Holofernes --
-- Isaías, Jeremías y Ezequiel --
-- Daniel --
-- Esther y Asuero --
-- Job y Tobías --
-- Regreso a Judea --
-- Eleazar, Matatías y los Macabeos --
-- Herodes, esperando al Mesías --
505 #2 - NOTA DE CONTENIDO
Título Nuevo Testamento --
Información miscelánea Los Evangelios --
-- Juan el Bautista --
-- La anunciación --
-- El nacimiento del niño Dios --
-- Jesús se pierde en el templo --
-- El bautismo de Jesús --
-- Los doce apóstoles --
-- La muerte de Juan el Bautista --
-- Las bodas de Caná y la pesca milagrosa --
-- El sermón de la montaña --
-- Jesús multiplica los panes y los peces y camina sobre las aguas --
-- Enseñanzas y parábolas --
-- La resurrección de Lázaro y otros milagros --
-- La transfiguración --
-- Entrada triunfal en Jerusalén --
-- La última cena --
-- La pasión --
-- La crucifixión y la muerte --
-- La resurrección y la ascensión a los cielos --
-- San Pablo --
-- San Pedro, la iglesia y el papado --
-- Los primeros Mártires y las Epístolas --
-- El Apocalipsis --
-- El mensaje de la biblia --
590 ## - NOTA LOCAL
Texto de la nota local Inventariado, 2024/VM
650 #4 - ENCABEZAMIENTO DE MATERIA--TEMÁTICO
Término temático o nombre geográfico como elemento de entrada Biblia
Subdivisión temática general Historia sagrada
650 #4 - ENCABEZAMIENTO DE MATERIA--TEMÁTICO
Término temático o nombre geográfico como elemento de entrada Ilustraciones bíblicas.
700 1# - ASIENTO SECUNDARIO -- NOMBRE PERSONAL
Nombre personal Rovira, Jaime
Mención de responsabilidad autor
700 1# - ASIENTO SECUNDARIO -- NOMBRE PERSONAL
Nombre personal Sotillos, Eugenio
Mención de responsabilidad autor
700 12 - ASIENTO SECUNDARIO -- NOMBRE PERSONAL
Nombre personal Nigot, M
Mención de responsabilidad il.
910 ## - VALIDACIÓN
Validación VMateo V. Control de calidad. BPMSU
942 ## - ADDED ENTRY ELEMENTS (KOHA)
Source of classification or shelving scheme Dewey Decimal Classification
Koha item type Libros
Existencias
Withdrawn status Lost status Source of classification or shelving scheme Damaged status Not for loan Collection code Home library Current library Date acquired Source of acquisition Total Checkouts Full call number Barcode Date last seen Copy number Price effective from Koha item type
    Dewey Decimal Classification     Colección Infantil General Biblioteca Pública Metropolitana Salomé Ureña Biblioteca Pública Metropolitana Salomé Ureña 09/13/2024   BPMSU CGI 220.95 A327p 2007 BPMSU24090036 09/13/2024 v.1 09/13/2024 Libros
    Dewey Decimal Classification     Colección Infantil General Biblioteca Pública Metropolitana Salomé Ureña Biblioteca Pública Metropolitana Salomé Ureña 09/13/2024     BPMSU CGI 220.95 A327p 2007 BPMSU24090037 09/13/2024 v.2 09/13/2024 Libros